Musiques de The Weeknd - Mort Subite - Statistiques

Statistiques générales
  • Ce quiz a été pris 394 fois
  • Le résultat moyen est 3 sur 20
Answers on the Grid
Answers color-coded by a green-red scale on the quiz's grid according to % correct below.
Blinding Lights
One Of The Girls
After Hours
Popular
I Was Never There
Lust for Life
One Right Now
Young Metro
D.D.
Nocturnal
The Town
Lonely Star
Snowchild
Losers
Wild Love
My Dear Melancholy
Heart On My Sleeve
Lost On Fire
Life Of A Party
Angels
Echoes In The Night
In The Sky
Blue Velvet
She Don't Even Want
Out Of My Head
Remind Me To Forget
The Silence
Adaptation
Thought I Knew You
A Lesser Man
Devil May Cry
tears in the club
The Birds
 
Statistiques - réponses
Réponse % Correct
Blinding Lights
71%
After Hours
56%
Popular
37%
I Was Never There
34%
One Of The Girls
33%
Lust for Life
16%
Snowchild
12%
Lonely Star
10%
tears in the club
10%
D.D.
8%
Losers
8%
A Lesser Man
6%
One Right Now
6%
The Town
5%
Adaptation
3%
Devil May Cry
3%
Thought I Knew You
3%
Young Metro
3%
Nocturnal
2%
Wild Love
1%
Aucun quiz correspondant
Distribution des résultats
% des personnes avec chaque résultat
Percentile par nombre de réponses
Votre historique - résultats
Vous n’avez pas pris ce quiz